[Event "OPEN CONDOM 2022"]
[Site "Condom"]
[Date "2022.07.09"]
[Round "1.3"]
[White "Pieri, Enzo"]
[Black "Antao, Amory"]
[Result "0-1"]
[WhiteElo "1586"]
[BlackElo "2039"]
[PlyCount "40"]
[EventDate "2022.??.??"]
[BlackTeam "MJC Gaillac"]

1. d4 Nc6 2. g3 e5 3. dxe5 Nxe5 4. Bg2 Nf6 5. Nf3 Ng6 6. O-O Bc5 7. Nc3 a5 8.
a4 d6 9. Bg5 h6 10. Bd2 c6 11. e4 Bg4 12. h3 Be6 13. Qe2 h5 14. Rad1 h4 15. Kh2
hxg3+ 16. fxg3 Qd7 17. Ng5 Bg4 18. Rf3 Ne5 19. Qf1 Bxf3 20. Nxf3 Nfg4+ 0-1

[Event "OPEN CONDOM 2022"]
[Site "Condom"]
[Date "2022.07.09"]
[Round "1.6"]
[White "Vandervorst, Jean-Marc"]
[Black "Darrort, Nahia"]
[Result "1-0"]
[WhiteElo "1915"]
[BlackElo "1447"]
[PlyCount "209"]
[EventDate "2022.??.??"]
[WhiteTeam "Club d'Echecs de Condom"]
[BlackTeam "Echiquier Agenais"]

1. d4 d5 2. Nf3 Nf6 3. e3 Bf5 4. b3 e6 5. Bb2 Be7 6. Be2 O-O 7. O-O Nbd7 8.
Nbd2 c5 9. c4 Rc8 10. Rc1 Re8 11. Ne5 Nxe5 12. dxe5 Ne4 13. Nxe4 Bxe4 14. f3
Bf5 15. f4 dxc4 16. Bxc4 Qa5 17. a4 Red8 18. Bc3 Rxd1 19. Bxa5 Rxf1+ 20. Kxf1
b6 21. Bc3 Rd8 22. Ke2 Bg4+ 23. Ke1 Bf5 24. Rd1 Rxd1+ 25. Kxd1 Be4 26. g3 Kf8
27. Kd2 Bb1 28. Bb5 Bd8 29. Bc6 Bf5 30. e4 Bg4 31. Bb5 Bf3 32. Bd3 Bg4 33. Bc2
g6 34. Bb2 Ke8 35. Bd3 Kf8 36. Bf1 Bf3 37. Bd3 Bg4 38. Ba3 Be7 39. Kc3 Ke8 40.
Bb5+ Kd8 41. Bc1 Bf3 42. Kd3 Bg2 43. Ke3 Bh3 44. Bb2 Bg4 45. Kd2 Bf3 46. Bd3
Bg4 47. Bc2 Kc7 48. Bd3 Kd7 49. Bb5+ Kd8 50. Ba3 Bf3 51. Bd3 Bg4 52. Kc3 Bd1
53. Bc1 Bg4 54. Be3 Kd7 55. Bf1 Bf3 56. Kd3 Bd1 57. Kc3 Bf3 58. Bb5+ Kd8 59.
Kd3 Bd1 60. Bc4 Bg4 61. Bd2 Kd7 62. Ke3 Kd8 63. Kf2 Bh3 64. Kf3 h5 65. Ke3 Bg4
66. Bc3 Kd7 67. Kd2 Bf3 68. Bb5+ Kd8 69. Bd3 Bg4 70. Ke3 Bd1 71. Bc4 Bg4 72.
Kf2 Bh3 73. Bb5 Bg4 74. Bf1 Bd1 75. Bc4 Bc2 76. Ke3 Bd1 77. f5 Bg4 78. f6 Bf8
79. Be1 Bh6+ 80. Kd3 Bf8 81. Bd2 Ke8 82. Bb5+ Kd8 83. a5 Bd1 84. axb6 axb6 85.
Kc3 Bf3 86. Kd3 Bd1 87. Kc3 Bf3 88. Bc6 Bg2 89. b4 cxb4+ 90. Kb3 Bc5 91. Bxb4
Bxb4 92. Kxb4 Kc7 93. Be8 Bxe4 94. Bxf7 Bf5 95. Be8 Kd8 96. Bb5 g5 97. Bc4 Ke8
98. Kb5 Kf7 99. Kxb6 Be4 100. h4 g4 101. Kc7 Bc2 102. Bb5 Be4 103. Kd8 Bf5 104.
Be8+ Kf8 105. Bxh5 1-0

[Event "OPEN CONDOM 2022"]
[Site "Condom"]
[Date "2022.07.09"]
[Round "1.9"]
[White "Wittmann, Paul"]
[Black "Villeneuve, Samuel"]
[Result "0-1"]
[WhiteElo "1257"]
[BlackElo "1855"]
[PlyCount "30"]
[EventDate "2022.??.??"]
[WhiteTeam "Club d'Echecs de Condom"]
[BlackTeam "MJC Gaillac"]

1. e4 d5 2. exd5 Nf6 3. d4 Bg4 4. Be2 Bxe2 5. Nxe2 Qxd5 6. Nbc3 Qxg2 7. Ng3 Nc6
8. Bf4 O-O-O 9. Be3 e5 10. d5 Bb4 11. f3 Nxd5 12. Bd2 Nxc3 13. bxc3 Bxc3 14.
Bxc3 Rxd1+ 15. Rxd1 Qxc2 0-1

[Event "OPEN CONDOM 2022"]
[Site "Condom"]
[Date "2022.07.09"]
[Round "1.11"]
[White "Trouve, Ethan"]
[Black "Laurent, Mathieu"]
[Result "1/2-1/2"]
[WhiteElo "1094"]
[BlackElo "1771"]
[PlyCount "145"]
[EventDate "2022.??.??"]
[WhiteTeam "Echiquier Agenais"]
[BlackTeam "Fontainebleau-Avon"]

1. e4 c5 2. Nc3 Nc6 3. Bb5 Nd4 4. Nf3 g6 5. d3 Bg7 6. Bc4 d6 7. Be3 Nxf3+ 8.
Qxf3 Nf6 9. h3 O-O 10. O-O a6 11. Rab1 Nd7 12. a3 Ne5 13. Qe2 Nxc4 14. dxc4 Bd7
15. Na2 b5 16. cxb5 axb5 17. f3 b4 18. Qd3 Qa5 19. Rfd1 Be6 20. b3 Qxa3 21. Nc1
Qa6 22. Ne2 Qxd3 23. Rxd3 Ra2 24. Rd2 Rfa8 25. Kh2 Rb2 26. Rxb2 Bxb2 27. Bh6 f6
28. Nf4 Be5 29. g3 Bf7 30. Nd3 Bc3 31. Rf2 Ra2 32. Be3 c4 33. Nc1 cxb3 34. cxb3
Ra3 35. Ra2 Rxa2+ 36. Nxa2 Be1 37. Nc1 Be6 38. g4 Kf7 39. Kg2 Bc3 40. Kf2 Bb2
41. Nd3 Bc3 42. Nc1 d5 43. exd5 Bxd5 44. Bc5 Bd2 45. Nd3 Bxb3 46. Bxb4 Bg5 47.
Kg3 Be3 48. Ne1 e5 49. Ng2 Bc1 50. f4 Ke6 51. fxe5 fxe5 52. Bf8 Bd5 53. Kf2 h5
54. Ne3 Bc6 55. g5 Bb2 56. Bg7 Bd4 57. Ke2 Bd5 58. Nxd5 Kxd5 59. Bf6 e4 60. Kd2
Bxf6 61. gxf6 Ke6 62. Ke3 Kxf6 63. Kxe4 Kg5 64. Kf3 Kh4 65. Kg2 g5 66. Kh2 g4
67. hxg4 hxg4 68. Kg2 g3 69. Kg1 Kh3 70. Kh1 Kg4 71. Kg2 Kf4 72. Kg1 Kf3 73.
Kf1 1/2-1/2

[Event "OPEN CONDOM 2022"]
[Site "Condom"]
[Date "2022.07.09"]
[Round "1.1"]
[White "Vedmediuc, Serghei"]
[Black "Rigaud-Retourne, Mael"]
[Result "1-0"]
[WhiteElo "2439"]
[BlackElo "1675"]
[PlyCount "51"]
[EventDate "2022.??.??"]
[WhiteTeam "Echiquier Guingampais"]
[BlackTeam "Echiquier de Bigorre"]

1. e4 c6 2. d4 d5 3. e5 c5 4. c3 Nc6 5. Be2 cxd4 6. cxd4 Qb6 7. Nc3 e6 8. Nf3
Nge7 9. O-O Nf5 10. Na4 Qc7 11. a3 Bd7 12. Bf4 a5 13. Rc1 Be7 14. Qd2 O-O 15.
Nc5 Rfc8 16. Rc3 b6 17. Nxd7 Qxd7 18. Rfc1 Qb7 19. g4 Nh4 20. Nxh4 Bxh4 21. g5
f6 22. Bg4 Nd8 23. exf6 gxf6 24. Rc7 Qa6 25. Be2 b5 26. Bxb5 1-0

[Event "OPEN CONDOM 2022"]
[Site "Condom"]
[Date "2022.07.09"]
[Round "1.2"]
[White "Halegua, Dani"]
[Black "Marni-Sandid, Tarik"]
[Result "1-0"]
[WhiteElo "2078"]
[BlackElo "1665"]
[PlyCount "79"]
[EventDate "2022.??.??"]
[WhiteTeam "C.E.I. Toulouse"]
[BlackTeam "l'Echiquier Toulousain"]

1. e4 c5 2. Nf3 a6 3. d4 cxd4 4. Nxd4 d6 5. Nc3 Nf6 6. g3 Bg4 7. f3 Bd7 8. Bg5
Nc6 9. Qd2 h6 10. Bxf6 gxf6 11. O-O-O Bg7 12. Kb1 Rc8 13. f4 Nxd4 14. Qxd4 Bc6
15. Bh3 Rb8 16. Rhe1 Qa5 17. Nd5 Bxd5 18. exd5 O-O 19. Rxe7 f5 20. Qe3 Qb5 21.
Qb3 Qc5 22. Bxf5 Rfe8 23. Rxb7 Rxb7 24. Qxb7 Qd4 25. Bd3 Bf6 26. a3 Kg7 27. Qb4
Qxd5 28. Qc4 Qb7 29. c3 Rb8 30. Rd2 Qh1+ 31. Ka2 d5 32. Qa4 Qc1 33. Qc2 Qg1 34.
g4 Kh8 35. g5 hxg5 36. fxg5 Bg7 37. Re2 d4 38. Qa4 Rg8 39. Qa5 dxc3 40. Qf5 1-0

[Event "OPEN CONDOM 2022"]
[Site "Condom"]
[Date "2022.07.10"]
[Round "2.1"]
[White "Scurtu, Alexandr"]
[Black "Vedmediuc, Serghei"]
[Result "0-1"]
[WhiteElo "1914"]
[BlackElo "2439"]
[PlyCount "70"]
[EventDate "2022.??.??"]
[BlackTeam "Echiquier Guingampais"]

1. e4 c5 2. Nf3 Nc6 3. d4 cxd4 4. Nxd4 Qb6 5. Nb3 Nf6 6. Bd3 e6 7. O-O Be7 8.
Nc3 d6 9. Be3 Qc7 10. f4 a6 11. a4 b6 12. Qe2 Nb4 13. Qf3 Bb7 14. a5 b5 15. Qg3
O-O 16. Bb6 Qb8 17. Bd4 Nxd3 18. cxd3 Qd8 19. Rac1 Rc8 20. e5 dxe5 21. Bb6 Qe8
22. fxe5 Nd7 23. Be3 f6 24. exf6 Rxf6 25. Rxf6 Bxf6 26. Rf1 e5 27. Ne4 Bxe4 28.
dxe4 Qe6 29. Bd2 Rc2 30. Bc1 Qc6 31. Qd3 Be7 32. Re1 Nf6 33. Qe3 Bb4 34. Bd2
Rxd2 35. Nxd2 Bc5 0-1

[Event "OPEN CONDOM 2022"]
[Site "Condom"]
[Date "2022.07.10"]
[Round "2.6"]
[White "Berthou, Jules"]
[Black "Vandervorst, Jean-Marc"]
[Result "1/2-1/2"]
[WhiteElo "1670"]
[BlackElo "1915"]
[PlyCount "51"]
[EventDate "2022.??.??"]
[WhiteTeam "Echiquier de Bigorre"]
[BlackTeam "Club d'Echecs de Condom"]

1. Nf3 d5 2. b3 Nf6 3. e3 e6 4. Bb2 Be7 5. c4 b6 6. cxd5 exd5 7. Bb5+ c6 8. Be2
O-O 9. O-O Nbd7 10. d4 Bb7 11. Nbd2 Rc8 12. Rc1 c5 13. Re1 Ne4 14. Nxe4 dxe4
15. Ne5 Nxe5 16. dxe5 Qxd1 17. Rexd1 Rfd8 18. Bc4 Kf8 19. e6 f6 20. Rd7 Rxd7
21. exd7 Rd8 22. Rd1 Bc6 23. Be6 Rb8 24. g4 Rd8 25. a4 c4 26. Bxc4 1/2-1/2

[Event "OPEN CONDOM 2022"]
[Site "Condom"]
[Date "2022.07.10"]
[Round "2.8"]
[White "Laurent, Mathieu"]
[Black "Lorans, Sylvain"]
[Result "0-1"]
[WhiteElo "1771"]
[BlackElo "2091"]
[PlyCount "48"]
[EventDate "2022.??.??"]
[WhiteTeam "Fontainebleau-Avon"]
[BlackTeam "Club Echiquier du Nord"]

1. e4 e5 2. f4 exf4 3. Nf3 Nf6 4. e5 Nh5 5. Be2 d5 6. d4 g5 7. Nxg5 Qxg5 8.
Bxh5 Qh4+ 9. Kf1 Nc6 10. Bf3 Be6 11. Nc3 O-O-O 12. Ne2 Bh6 13. g3 Qh3+ 14. Kf2
f6 15. exf6 Rhf8 16. Bxf4 Rxf6 17. Qd2 Bg4 18. Bxg4+ Qxg4 19. Kg2 Nxd4 20. Qxd4
Qxe2+ 21. Qf2 Qe4+ 22. Qf3 Bxf4 23. Qxe4 dxe4 24. gxf4 Rxf4 0-1

[Event "OPEN CONDOM 2022"]
[Site "Condom"]
[Date "2022.07.10"]
[Round "2.9"]
[White "Rigaud-Retourne, Mael"]
[Black "Trouve, Ethan"]
[Result "1-0"]
[WhiteElo "1675"]
[BlackElo "1094"]
[PlyCount "37"]
[EventDate "2022.??.??"]
[WhiteTeam "Echiquier de Bigorre"]
[BlackTeam "Echiquier Agenais"]

1. d4 Nf6 2. Nf3 d5 3. c3 c6 4. Qc2 g6 5. Bf4 Bf5 6. Qb3 Qc8 7. e3 Nbd7 8. Nbd2
Nb6 9. Be2 Nfd7 10. a4 c5 11. a5 Nc4 12. Nxc4 dxc4 13. Bxc4 e6 14. e4 Bxe4 15.
Bxe6 fxe6 16. Qxe6+ Kd8 17. Ng5 Qc6 18. Nf7+ Kc8 19. Qe8# 1-0

[Event "OPEN CONDOM 2022"]
[Site "Condom"]
[Date "2022.07.10"]
[Round "2.14"]
[White "Darrort, Nahia"]
[Black "Colin, Felix"]
[Result "1-0"]
[WhiteElo "1447"]
[BlackElo "1009"]
[PlyCount "85"]
[EventDate "2022.??.??"]
[WhiteTeam "Echiquier Agenais"]
[BlackTeam "Echiquier Agenais"]

1. b3 d5 2. Bb2 Nc6 3. e3 Nf6 4. Nf3 Bg4 5. Be2 Bxf3 6. Bxf3 e6 7. d3 Bd6 8.
Nd2 Ne7 9. c4 c6 10. e4 Qc7 11. h3 Qb6 12. d4 a5 13. c5 Bxc5 14. dxc5 Qxc5 15.
Rc1 Qb6 16. O-O O-O 17. exd5 exd5 18. Ba3 Rae8 19. Re1 Qc7 20. Re2 b5 21. Bc5
Kh8 22. Qe1 Nfg8 23. Rc3 f6 24. Rce3 Rf7 25. Bg4 g6 26. Be6 Rg7 27. Bxg8 Rexg8
28. Bxe7 d4 29. Re6 Rxe7 30. Rxe7 Qd6 31. R2e6 Qf4 32. Re8 d3 33. Rxg8+ Kxg8
34. Re8+ Kg7 35. Re7+ Kh6 36. Qe3 Kg5 37. Qxf4+ Kxf4 38. Re3 a4 39. Rxd3 c5 40.
Rc3 axb3 41. axb3 h5 42. Rxc5 g5 43. g3# 1-0

[Event "OPEN CONDOM 2022"]
[Site "Condom"]
[Date "2022.07.11"]
[Round "3.3"]
[White "Lorans, Sylvain"]
[Black "Villeneuve, Samuel"]
[Result "1/2-1/2"]
[WhiteElo "2091"]
[BlackElo "1855"]
[PlyCount "82"]
[EventDate "2022.??.??"]
[WhiteTeam "Club Echiquier du Nord"]
[BlackTeam "MJC Gaillac"]

1. d4 d5 2. c4 c6 3. Nc3 Nf6 4. e3 Bf5 5. cxd5 cxd5 6. Qb3 Qd7 7. Nf3 e6 8. Ne5
Qc7 9. Bb5+ Nc6 10. Qa4 Rc8 11. Qxa7 Bd6 12. Nxc6 O-O 13. Qa5 bxc6 14. Qxc7
Rxc7 15. Be2 e5 16. f3 Re7 17. Kf2 h5 18. Bd2 Rfe8 19. Rae1 Bb8 20. Na4 Ba7 21.
Bc3 Nd7 22. Bd1 c5 23. dxc5 Nxc5 24. Nxc5 Bxc5 25. Bb3 d4 26. Bd2 e4 27. f4 Rd8
28. h3 Red7 29. Re2 Rb8 30. Rc1 dxe3+ 31. Bxe3 Bxe3+ 32. Rxe3 Rd2+ 33. Re2
Rxe2+ 34. Kxe2 Be6 35. Rc3 Bxb3 36. axb3 f5 37. Kd2 Kf7 38. Rc7+ Kf6 39. Rc6+
Kf7 40. Rc7+ Kg6 41. Rc6+ Kf7 1/2-1/2

[Event "OPEN CONDOM 2022"]
[Site "Condom"]
[Date "2022.07.11"]
[Round "3.4"]
[White "Halegua, Dani"]
[Black "Berthou, Jules"]
[Result "*"]
[WhiteElo "2078"]
[BlackElo "1670"]
[PlyCount "83"]
[EventDate "2022.??.??"]
[WhiteTeam "C.E.I. Toulouse"]
[BlackTeam "Echiquier de Bigorre"]

1. e4 c5 2. Nf3 Nc6 3. Bb5 e6 4. Bxc6 bxc6 5. d3 d5 6. c4 dxe4 7. dxe4 Qxd1+ 8.
Kxd1 g6 9. Bf4 Ba6 10. b3 Bg7 11. Be5 Nf6 12. Ne1 O-O 13. Nc3 Rfd8+ 14. Ke2 Nd7
15. Bxg7 Kxg7 16. Nd3 Kf6 17. Na4 Rab8 18. Rhd1 Ke7 19. Rd2 Bc8 20. Rad1 Nf6
21. f3 g5 22. Ne5 Rxd2+ 23. Rxd2 Bd7 24. Nxc5 Be8 25. Ke3 Rd8 26. Rxd8 Kxd8 27.
Na6 Ke7 28. c5 Kd8 29. Kd4 Ng8 30. Nc4 f6 31. e5 f5 32. Nd6 Ne7 33. a4 Nd5 34.
b4 Bd7 35. b5 Ke7 36. Nb8 cxb5 37. axb5 Kd8 38. c6 Bc8 39. Kc5 Kc7 40. Na6+
Bxa6 41. bxa6 Ne7 42. Nb5+ *

[Event "OPEN CONDOM 2022"]
[Site "Condom"]
[Date "2022.07.11"]
[Round "3.5"]
[White "Vedmediuc, Artiom"]
[Black "Scurtu, Alexandr"]
[Result "1/2-1/2"]
[WhiteElo "1897"]
[BlackElo "1914"]
[PlyCount "26"]
[EventDate "2022.??.??"]

1. d4 d5 2. c4 c6 3. Nc3 Nf6 4. cxd5 cxd5 5. Nf3 Nc6 6. Bf4 Bf5 7. e3 e6 8. Bd3
Bxd3 9. Qxd3 Bd6 10. Bg3 O-O 11. O-O Bxg3 12. hxg3 Rc8 13. Rfc1 Nd7 1/2-1/2

[Event "OPEN CONDOM 2022"]
[Site "Condom"]
[Date "2022.07.11"]
[Round "3.6"]
[White "Vaillant, Stephane"]
[Black "Beaurain, Louis"]
[Result "1-0"]
[WhiteElo "1794"]
[BlackElo "1537"]
[PlyCount "63"]
[EventDate "2022.??.??"]
[WhiteTeam "U.S. Orléans.Echecs"]
[BlackTeam "Club d'Echecs de Condom"]

1. d4 d5 2. Nf3 e6 3. c4 c5 4. cxd5 exd5 5. Nc3 Nc6 6. g3 c4 7. Bg2 Bb4 8. Bd2
Nf6 9. O-O O-O 10. Qc2 Re8 11. e3 a6 12. Rad1 Bg4 13. Ne2 Qd7 14. Nf4 Bf5 15.
Qc1 b5 16. Bc3 Bd6 17. Ne5 Nxe5 18. dxe5 Bxe5 19. Nxd5 Bd3 20. Nb6 Qa7 21. Nxa8
Bxc3 22. Qxc3 Bxf1 23. Kxf1 h6 24. Qd4 Rxa8 25. Bxa8 Qxa8 26. Qd8+ Qxd8 27.
Rxd8+ Kh7 28. Ra8 Ne4 29. Rxa6 b4 30. Ke2 c3 31. bxc3 bxc3 32. Rc6 1-0

[Event "OPEN CONDOM 2022"]
[Site "Condom"]
[Date "2022.07.11"]
[Round "3.11"]
[White "Trouve, Ethan"]
[Black "Faidoli, Yannis"]
[Result "1/2-1/2"]
[WhiteElo "1094"]
[BlackElo "1327"]
[PlyCount "73"]
[EventDate "2022.??.??"]
[WhiteTeam "Echiquier Agenais"]
[BlackTeam "Echiquier Agenais"]

1. d4 d5 2. Bf4 Nf6 3. e3 e6 4. Bd3 Bd6 5. Bg3 c5 6. c3 Qc7 7. Nd2 Nbd7 8. Ngf3
O-O 9. O-O e5 10. e4 exd4 11. cxd4 Bxg3 12. hxg3 dxe4 13. Nxe4 Nxe4 14. Bxe4
Nf6 15. Qc2 Nxe4 16. Qxe4 cxd4 17. Nxd4 Bd7 18. Rac1 Qb6 19. Rc2 Rfe8 20. Qf4
Rac8 21. Rfc1 h6 22. Qd2 Rcd8 23. Qc3 Rc8 24. Qd2 Be6 25. Nxe6 Qxe6 26. b3 Red8
27. Qb4 Rxc2 28. Rxc2 Qg6 29. Rd2 Rxd2 30. Qxd2 Qa6 31. Qc2 Kf8 32. Qc8+ Ke7
33. Qc7+ Kf6 34. Qf4+ Ke7 35. Qc7+ Kf6 36. Qf4+ Ke7 37. Qc7+ 1/2-1/2

[Event "OPEN CONDOM 2022"]
[Site "Condom"]
[Date "2022.07.11"]
[Round "3.12"]
[White "Colin, Felix"]
[Black "Konopka, John"]
[Result "1-0"]
[WhiteElo "1009"]
[BlackElo "1272"]
[PlyCount "29"]
[EventDate "2022.??.??"]
[WhiteTeam "Echiquier Agenais"]
[BlackTeam "Cercle d'Echecs Cyrano"]

1. e4 e5 2. Nf3 Nc6 3. Nc3 Nf6 4. Bb5 Bc5 5. Nxe5 Nxe5 6. d4 Bd6 7. f4 Bb4 8.
fxe5 Nxe4 9. Qf3 Ng5 10. Bxg5 Qxg5 11. O-O O-O 12. Bc4 Qg6 13. Nd5 Qc6 14. Bb3
Kh8 15. Nxb4 1-0

[Event "OPEN CONDOM 2022"]
[Site "Condom"]
[Date "2022.07.11"]
[Round "4.2"]
[White "Alexieva, Silvia"]
[Black "Halegua, Dani"]
[Result "1-0"]
[WhiteElo "2234"]
[BlackElo "2078"]
[PlyCount "67"]
[EventDate "2022.??.??"]
[WhiteTeam "L'Echiquier Châlonnais"]
[BlackTeam "C.E.I. Toulouse"]

1. d4 d5 2. Nf3 Nf6 3. g3 Bf5 4. Bg2 e6 5. c4 c6 6. Qb3 Qb6 7. c5 Qxb3 8. axb3
Na6 9. O-O Be7 10. h3 h6 11. g4 Bh7 12. Bf4 O-O 13. Nc3 g5 14. Bg3 Ne4 15. Nxe4
Bxe4 16. Ne5 Bc2 17. Rfc1 Bh7 18. Nxc6 Bf6 19. Ne5 Bxe5 20. Bxe5 Nb4 21. Bf6
Rfc8 22. Rc3 Nc6 23. h4 gxh4 24. Rh3 h5 25. Rxh4 hxg4 26. Rxg4+ Kf8 27. Rh4 Kg8
28. Kh2 Nb8 29. Rg1 Nd7 30. Bxd5+ Kf8 31. Bg7+ Kg8 32. Bxb7 Bg6 33. Bxc8 Rxc8
34. Rh8+ 1-0

[Event "OPEN CONDOM 2022"]
[Site "Condom"]
[Date "2022.07.11"]
[Round "4.4"]
[White "Rigaud-Retourne, Mael"]
[Black "Vedmediuc, Artiom"]
[Result "0-1"]
[WhiteElo "1675"]
[BlackElo "1897"]
[PlyCount "42"]
[EventDate "2022.??.??"]
[WhiteTeam "Echiquier de Bigorre"]

1. d4 Nf6 2. Nf3 g6 3. Nc3 d5 4. Bf4 Bg7 5. Nb5 Na6 6. e3 c6 7. Nc3 Nc7 8. h3
O-O 9. Bd3 c5 10. Be2 b6 11. dxc5 bxc5 12. Bxc7 Qxc7 13. Nxd5 Nxd5 14. Qxd5 Be6
15. Qd3 Bxb2 16. Rb1 Rfd8 17. Qe4 Bc3+ 18. Kf1 Rab8 19. Rxb8 Rxb8 20. g3 Bxa2
21. Bc4 Qb7 0-1

[Event "OPEN CONDOM 2022"]
[Site "Condom"]
[Date "2022.07.11"]
[Round "4.5"]
[White "Villeneuve, Samuel"]
[Black "Cabarcos Baulina, Manuel"]
[Result "1-0"]
[WhiteElo "1855"]
[BlackElo "1758"]
[PlyCount "35"]
[EventDate "2022.??.??"]
[WhiteTeam "MJC Gaillac"]
[BlackTeam "C.E.I. Toulouse"]

1. d4 e6 2. Bf4 f5 3. e3 Nf6 4. c4 Bb4+ 5. Nc3 Bxc3+ 6. bxc3 b6 7. Bd3 O-O 8.
Nf3 Bb7 9. a4 Nc6 10. h3 Na5 11. g4 Ne4 12. Qc2 Nd6 13. Qe2 Ndxc4 14. gxf5 exf5
15. Bxc4+ Kh8 16. Ba2 d6 17. Rg1 c5 18. Ng5 1-0

[Event "OPEN CONDOM 2022"]
[Site "Condom"]
[Date "2022.07.11"]
[Round "4.10"]
[White "Wittmann, Paul"]
[Black "Pieri, Enzo"]
[Result "1-0"]
[WhiteElo "1257"]
[BlackElo "1586"]
[PlyCount "53"]
[EventDate "2022.??.??"]
[WhiteTeam "Club d'Echecs de Condom"]

1. e4 e5 2. Nf3 Nc6 3. Bc4 d6 4. d4 Be7 5. Bb5 Bd7 6. Nc3 a6 7. Bxc6 Bxc6 8.
dxe5 dxe5 9. Qxd8+ Rxd8 10. Nxe5 Bb4 11. Nxc6 bxc6 12. O-O Ne7 13. Bf4 Ba5 14.
a3 O-O 15. b4 Bb6 16. Rad1 Ng6 17. Bg3 Bd4 18. Bxc7 Rd7 19. Bb6 Bxc3 20. Rxd7
Ne5 21. Ra7 Nc4 22. Bc5 Re8 23. Rxa6 f6 24. f3 f5 25. Rxc6 Nxa3 26. exf5 Nxc2
27. Bf2 1-0

[Event "OPEN CONDOM 2022"]
[Site "Condom"]
[Date "2022.07.11"]
[Round "4.11"]
[White "Beaurain, Louis"]
[Black "Colin, Felix"]
[Result "1-0"]
[WhiteElo "1537"]
[BlackElo "1009"]
[PlyCount "45"]
[EventDate "2022.??.??"]
[WhiteTeam "Club d'Echecs de Condom"]
[BlackTeam "Echiquier Agenais"]

1. d4 d5 2. Bf4 Nf6 3. Nf3 Bf5 4. e3 Nc6 5. h3 e6 6. Bd3 Bd6 7. Bxf5 exf5 8.
Ne5 Bxe5 9. dxe5 Nd7 10. Nc3 Ndxe5 11. Qxd5 Qxd5 12. Nxd5 Rc8 13. O-O-O b5 14.
Rhe1 a5 15. e4 fxe4 16. Bxe5 Nxe5 17. Rxe4 f6 18. f4 c6 19. Ne3 O-O 20. fxe5
fxe5 21. Rxe5 c5 22. Rd7 b4 23. Ree7 1-0

[Event "OPEN CONDOM 2022"]
[Site "Condom"]
[Date "2022.07.11"]
[Round "4.13"]
[White "Darrort, Nahia"]
[Black "Trouve, Ethan"]
[Result "1-0"]
[WhiteElo "1447"]
[BlackElo "1094"]
[PlyCount "97"]
[EventDate "2022.??.??"]
[WhiteTeam "Echiquier Agenais"]
[BlackTeam "Echiquier Agenais"]

1. b3 d5 2. Bb2 Bf5 3. e3 e6 4. Nf3 Nd7 5. Be2 Ngf6 6. c4 c6 7. O-O Bd6 8. d4
O-O 9. Nc3 Qc7 10. h3 Ne4 11. Nxe4 Bxe4 12. Bd3 Nf6 13. Ng5 Bg6 14. Bxg6 hxg6
15. cxd5 exd5 16. Rc1 Qe7 17. Re1 Ne4 18. Nxe4 Qxe4 19. Qc2 f5 20. Qxe4 fxe4
21. a4 Rf7 22. Ra1 b6 23. Ba3 Bxa3 24. Rxa3 Rc7 25. Rc1 c5 26. Ra2 Rac8 27.
Rac2 Kf7 28. Kf1 g5 29. Ke2 Ke6 30. f3 g6 31. fxe4 dxe4 32. Rc4 a5 33. dxc5
Rxc5 34. Rxe4+ Kd5 35. Rd4+ Ke5 36. Rxc5+ Rxc5 37. Rc4 Kd5 38. Rxc5+ Kxc5 39.
Kd3 Kb4 40. Kd4 Kxb3 41. e4 Kxa4 42. e5 Ka3 43. e6 b5 44. e7 b4 45. e8=Q b3 46.
Qe3 Ka2 47. Qd2+ Kb1 48. Kc3 a4 49. Qb2# 1-0

[Event "OPEN CONDOM 2022"]
[Site "Condom"]
[Date "2022.07.11"]
[Round "4.1"]
[White "Bedue, Julien"]
[Black "Vedmediuc, Serghei"]
[Result "1/2-1/2"]
[WhiteElo "2028"]
[BlackElo "2439"]
[PlyCount "82"]
[EventDate "2022.??.??"]
[WhiteTeam "Club d'Echecs de Condom"]
[BlackTeam "Echiquier Guingampais"]

1. d4 g6 2. e4 Bg7 3. Nc3 c6 4. Be3 Qb6 5. Rb1 d6 6. g3 Nf6 7. f3 O-O 8. Qd2
Qc7 9. Nge2 Nbd7 10. Bg2 Re8 11. O-O e5 12. Kh1 b5 13. Nd1 a6 14. b3 Bb7 15. c4
Rac8 16. Nf2 Qb8 17. d5 cxd5 18. cxd5 Bf8 19. h4 Rc7 20. Bh3 Be7 21. Kg2 Rec8
22. Rb2 Qa8 23. Bg5 Re8 24. Rh1 Nf8 25. g4 Kh8 26. Ng3 Ng8 27. Bxe7 Rexe7 28.
h5 f6 29. hxg6 hxg6 30. g5 Rh7 31. gxf6 Qd8 32. Rbb1 Qxf6 33. Rbc1 Qd8 34. Rxc7
Qxc7 35. Rc1 Qd8 36. Bg4 Nf6 37. Qg5 Qe7 38. Nh3 Nxg4 39. Qxe7 Rxe7 40. fxg4
Kg7 41. b4 Kf6 1/2-1/2

[Event "OPEN CONDOM 2022"]
[Site "Condom"]
[Date "2022.07.12"]
[Round "5.1"]
[White "Vedmediuc, Serghei"]
[Black "Alexieva, Silvia"]
[Result "1/2-1/2"]
[WhiteElo "2439"]
[BlackElo "2234"]
[PlyCount "37"]
[EventDate "2022.??.??"]
[WhiteTeam "Echiquier Guingampais"]
[BlackTeam "L'Echiquier Châlonnais"]

1. e4 e5 2. Nf3 Nc6 3. Bb5 a6 4. Ba4 Nf6 5. O-O Be7 6. Re1 b5 7. Bb3 d6 8. c3
O-O 9. h3 Nb8 10. d4 Nbd7 11. Nbd2 Bb7 12. Bc2 Re8 13. Nf1 Bf8 14. Ng3 h6 15.
a4 c6 16. b3 Qc7 17. Bb2 Rad8 18. Bd3 d5 19. axb5 1/2-1/2

[Event "OPEN CONDOM 2022"]
[Site "Condom"]
[Date "2022.07.12"]
[Round "5.6"]
[White "Vandervorst, Jean-Marc"]
[Black "Rigaud-Retourne, Mael"]
[Result "1/2-1/2"]
[WhiteElo "1915"]
[BlackElo "1675"]
[PlyCount "33"]
[EventDate "2022.??.??"]
[WhiteTeam "Club d'Echecs de Condom"]
[BlackTeam "Echiquier de Bigorre"]

1. d4 d5 2. Nf3 e6 3. e3 Nf6 4. Be2 b6 5. O-O Bb7 6. b3 Bd6 7. Bb2 O-O 8. Nbd2
Ne4 9. c4 Nd7 10. Rc1 a5 11. a3 Qe7 12. cxd5 exd5 13. Bb5 f5 14. Bxd7 Qxd7 15.
Ne5 Bxe5 16. dxe5 Nxd2 17. Qxd2 1/2-1/2

[Event "OPEN CONDOM 2022"]
[Site "Condom"]
[Date "2022.07.12"]
[Round "5.7"]
[White "Cabarcos Baulina, Manuel"]
[Black "Wittmann, Paul"]
[Result "1-0"]
[WhiteElo "1758"]
[BlackElo "1257"]
[PlyCount "53"]
[EventDate "2022.??.??"]
[WhiteTeam "C.E.I. Toulouse"]
[BlackTeam "Club d'Echecs de Condom"]

1. d4 Nf6 2. Bf4 g6 3. Nc3 Bg7 4. e4 d6 5. Qd2 O-O 6. O-O-O c6 7. f3 b5 8. Bh6
a5 9. h4 a4 10. Bxg7 Kxg7 11. g4 b4 12. Nce2 Qb6 13. h5 b3 14. hxg6 Rh8 15.
Qh6+ Kg8 16. gxf7+ Kxf7 17. cxb3 axb3 18. a3 Be6 19. g5 Nbd7 20. gxf6 Nxf6 21.
Nh3 Rxa3 22. Ng5+ Ke8 23. Nxe6 Ra1+ 24. Kd2 Qa5+ 25. Nc3 Rxd1+ 26. Kxd1 Qa1+
27. Qc1 1-0

[Event "OPEN CONDOM 2022"]
[Site "Condom"]
[Date "2022.07.12"]
[Round "5.11"]
[White "Krivcenko, Alexandr"]
[Black "Faidoli, Yannis"]
[Result "1-0"]
[WhiteElo "1739"]
[BlackElo "1327"]
[PlyCount "41"]
[EventDate "2022.??.??"]
[WhiteTeam "Fontainebleau-Avon"]
[BlackTeam "Echiquier Agenais"]

1. d4 d5 2. Nf3 Nf6 3. c4 dxc4 4. Nc3 e6 5. e4 Bb4 6. Bg5 Bxc3+ 7. bxc3 h6 8.
Bxf6 Qxf6 9. Bxc4 O-O 10. O-O b6 11. Qe2 Bb7 12. Ne5 Rd8 13. f4 Nd7 14. Ng4 Qe7
15. e5 c5 16. f5 exf5 17. Rxf5 Kh8 18. Rxf7 Qg5 19. e6 Bc6 20. exd7 Bxd7 21.
Ne5 1-0

[Event "OPEN CONDOM 2022"]
[Site "Condom"]
[Date "2022.07.12"]
[Round "5.12"]
[White "Pieri, Enzo"]
[Black "Colin, Penelope"]
[Result "0-1"]
[WhiteElo "1586"]
[BlackElo "1084"]
[PlyCount "110"]
[EventDate "2022.??.??"]
[BlackTeam "Echiquier Agenais"]

1. d4 d5 2. Nf3 Nf6 3. Nbd2 Nc6 4. e3 Bf5 5. c3 e6 6. Be2 Bd6 7. O-O O-O 8. Nh4
Be4 9. Nxe4 Nxe4 10. Nf3 Ne7 11. Bd3 f5 12. Ne5 c5 13. f3 Nf6 14. b3 Rc8 15.
Bd2 Nc6 16. f4 Ne4 17. Be1 a6 18. g4 g6 19. Bxe4 fxe4 20. g5 cxd4 21. cxd4 Nxe5
22. dxe5 Bc5 23. Bf2 Qb6 24. Qd2 Kg7 25. h4 h6 26. gxh6+ Kxh6 27. Qe2 Rf5 28.
Kg2 Rc7 29. Rh1 Rh5 30. Rh3 Kh7 31. Rah1 Rf7 32. Rg3 Qd8 33. Qg4 Rg7 34. Qxe6
d4 35. exd4 Bxd4 36. Rd1 Qxh4 37. Qh3 Qxh3+ 38. Rxh3 Rxh3 39. Bxd4 Rd3 40. Rxd3
exd3 41. Be3 Rd7 42. Bd2 Kg7 43. Kf3 Kf7 44. Kg4 Rc7 45. Kf3 Ke6 46. Ke3 Rd7
47. Ke4 b5 48. Ke3 Kf5 49. Bb4 g5 50. Bd6 gxf4+ 51. Kxd3 Kg4 52. Ke2 Kg3 53.
Kf1 Kf3 54. b4 Kg3 55. Bb8 Kf3 0-1